000 006080000a22001810004500
003 LK-CoMWRAF
005 20231010135153.0
008 230817t1907 ||||| |||| 00| 0 eng d
040 _aLK-CoMWRAF
_dLK-CoMWRAF
_eLK-CoMWRAF
041 _aeng
082 _a347.60
_bRAH
100 _aRahman, A.F.M. Abdur
245 _aInstitutes of Mussalman Law:
_ba treatise on personal law according to the Hanafite school with references to original Arabic sources
260 _aCalcutta;
_bThacker,Spink and Co.,
_c1907
300 _alxi p., 1 l., 532 p. 25 cm.
_bIndex included
650 _aISLAMIC LAW-India
942 _cBK
999 _c21
_d21